Význam celoživotného vzdelávania pre rozvoj ľudských zdrojov

Lisabonská stratégia a vzdelávanie. Celoživotné vzdelávanie - programy. Potreba celoživotného vzdelávania v číslach - zdroj EUROSTAT 2010. Operačný program Vzdelávanie (OPV) - charakteristika. Celoživotné vzdelávanie a jeho význam.

Enregistré dans:
Détails bibliographiques
Auteur principal: Čepelová, Anna
Format: Chapitre de livre
Langue:slovaque
Sujets:
Tags: Ajouter un tag
Pas de tags, Soyez le premier à ajouter un tag!

MARC

LEADER 00000naa$a2200000$$$4500
001 0115157
005 20230918072323.0
041 0 |a slo 
044 |a SK 
245 1 0 |a Význam celoživotného vzdelávania pre rozvoj ľudských zdrojov  |c Anna Čepelová 
520 |a Lisabonská stratégia a vzdelávanie. Celoživotné vzdelávanie - programy. Potreba celoživotného vzdelávania v číslach - zdroj EUROSTAT 2010. Operačný program Vzdelávanie (OPV) - charakteristika. Celoživotné vzdelávanie a jeho význam. 
610 2 0 |a vzdelávanie celoživotné 
610 2 0 |a zdroje ľudské 
610 2 0 |a programy 
610 2 0 |a údaje štatistické 
610 2 0 |a Európska únia 
100 1 |a Čepelová, Anna